000 00494nam a2200193Ia 4500
003 GCL
008 140319s9999 xx 000 0 eng d
040 _aGCL /
_cGCL
082 0 4 _a770.03
_bS F
100 1 _aSTROEBEL, LESLIE
245 1 0 _aTHE FOCAL ENCYCLOPEDIA OF PHOTOGRAPHY /
_cSTROEBEL, LESLIE
700 1 _aZAKIA, RICHARD
260 _a[S.N] :
_bFOCAL PRESS
300 _a914 P
650 0 4 _aART
650 0 4 _aPHOTOGRAPHY
650 0 4 _aPHOTOGRAPHY - ENCYCLOPEDIA
942 _2ddc
_cBK
999 _c13426
_d13426